000 00687cam a2200241 4500500
005 20260329002845.0
041 _afre
042 _adc
100 1 0 _aLacroix, Alexandre
_eauthor
245 0 0 _aLe cœur n’est plus le centre de l’être
260 _c2014.
500 _a79
690 _aArtificiel
690 _aCardiocentrisme
690 _aClaudio Magris
690 _aCœur
690 _aDanube
690 _aGreffe
690 _aPrincipe vital
690 _aProthèse
786 0 _nPhilosophie magazine | 76 | 2 | 2014-02-01 | p. 7-7 | 1951-1787
856 4 1 _uhttps://shs.cairn.info/magazine-philosophie-magazine-2014-2-page-7?lang=fr&redirect-ssocas=7080
999 _c1819043
_d1819043